zpět

Detail výsledku týmu

Šnyt, Šternberk

Datum a čas kvízu

27 Celkem bodů Celkový počet nahraných bodů na tomto kvízu bez doplňovacích otázek.
5. Pořadí na kvízu Konečné umístění týmu na tomto kvízu.

Zaznamenané odpovědi

# Otázka Odpověď Body Výsledky
1. Zdravotní pojišťovny zveřejnil... 1
2. Do prodejny mobilů přišla žena... 1
3. Umělkyně Kateřina Šedá chystá... 1
4. Na letošním ženevském autosalo... 0
5. Petr Čech překonal v nedělním... 0
6. V tomto tématu si posvítíme na... 0.5
7. Které jsou nejrozšířenější jaz... 1
8. Největší jezera na světě co do... 0.5
9. Státy Jižní Ameriky podle počt... 0.5
10. Evropské země podle rozlohy: 1... 0.5